000 00815cam a22002651 4500
001 sa 67005409
003 DLC
005 20260227112357.0
008 910827s1962 ii 000 0 telo
010 _asa 67005409
035 _a(OCoLC)24299980
040 _aDLC
_cWaU
_dDLC
041 1 _atelsan
_hsan
042 _apremarc
050 0 0 _aPK3661.Z9
_bS218 1962
100 2 _aSrinivasa Sastri, V. S.
_q(Valangiman Sankaranarayana),
_d1869-1946.
245 1 0 _aRāmāyaṇa ratnamāla.
260 _c1962.
300 _a2 v.
_c22 cm.
500 _aQuotations and selections from the Rāmāyaṇa in Sanskrit; commentary in Telugu.
500 _aTranslation of Lectures on the Ramayana.
600 0 0 _aVālmīki.
_tRāmāyaṇa.
700 0 _aVālmīki.
_tRāmāyaṇa.
700 1 _aVēnkatarāmayya, Puccā.
999 _c75184
_d75184